[Event "Pforzheim op"]
[Site "Pforzheim"]
[Date "2005.11.01"]
[Round "7"]
[White "Koenig, Torsten"]
[Black "Lindoerfer, Andreas"]
[Result "1-0"]
[WhiteElo "1354"]
[BlackElo "1071"]
[PlyCount "49"]
[EventDate "2005.10.29"]
[EventType "swiss"]
[EventRounds "7"]
[EventCountry "GER"]
[SourceTitle "EXT 2007"]
[Source "ChessBase"]
[SourceDate "2006.11.23"]
[SourceVersion "1"]
[SourceVersionDate "2006.11.23"]
[SourceQuality "1"]

1. e4 c5 2. d4 cxd4 3. c3 dxc3 4. Nxc3 Nc6 5. Bc4 Nf6 6. Nf3 e6 7. a3 a6 8. 0-0 b5 9. Ba2 Be7 10. Qe2 0-0 11. e5 Ne8 12. Bf4 d6 13. Rfd1 Qc7 14. Rac1 Bb7 15. Bb1 Rd8 16. Be4 f6 17. exd6 Bxd6 18. Bxc6 Bxc6 19. Qxe6+ Rf7 20. Bg3 Bxg3 21. Rxd8 Qxd8 22. Qxc6 Bxf2+ 23. Kxf2 Ra7 24. Rd1 Qc7 25. Qxe8# 1-0

[Event "Pforzheim op"]
[Site "Pforzheim"]
[Date "2005.10.31"]
[Round "4"]
[White "Lindoerfer, Andreas"]
[Black "Fischer, Florian"]
[Result "1-0"]
[WhiteElo "1071"]
[BlackElo "907"]
[PlyCount "83"]
[EventDate "2005.10.29"]
[EventType "swiss"]
[EventRounds "7"]
[EventCountry "GER"]
[SourceTitle "EXT 2007"]
[Source "ChessBase"]
[SourceDate "2006.11.23"]
[SourceVersion "1"]
[SourceVersionDate "2006.11.23"]
[SourceQuality "1"]

1. e4 e5 2. Nf3 Nc6 3. Bb5 a6 4. Bxc6 dxc6 5. 0-0 Bd6 6. d4 exd4 7. Qxd4 f6 8. Re1 Bg4 9. e5 fxe5 10. Nxe5 Be6 11. Nxc6 Qd7 12. Ne5 0-0-0 13. Nxd7 Rxd7 14. Rxe6 Bxh2+ 15. Kxh2 Rxd4 16. c3 Rh4+ 17. Kg3 Rh6 18. Bxh6 Nxh6 19. Re2 Nf5+ 20. Kh2 Rd8 21. Na3 h5 22. Rae1 Rd3 23. Nc4 b5 24. Ne3 Nh6 25. Rd1 Ng4+ 26. Kg3 Rxd1 27. Nxd1 Nf6 28. Ne3 Ne4+ 29. Kf3 Ng5+ 30. Kf4 Ne6+ 31. Kf5 Kd7 32. Rd2+ Ke7 33. Nd5+ Kf7 34. Nf4 g6+ 35. Ke4 Ng5+ 36. Ke3 h4 37. Rd7+ Kf6 38. Rxc7 Kf5 39. Rc5+ Kg4 40. f3+ Kg3 41. Rxg5+ Kh2 42. Kf2 1-0